| 000 | 00352 a2200157 4500 | ||
|---|---|---|---|
| 001 | 71327 | ||
| 020 | _a | ||
| 040 | _cAnchieta - Colégio São Paulo | ||
| 100 | _aGouveia, Luis Augusto | ||
| 240 | 1 | 0 |
_aQuem é igual a quem? _lpor |
| 245 | 1 | 0 | _aQuem é igual a quem? |
| 300 | _a31 | ||
| 362 | 0 | _a2003 | |
| 650 | 4 | _aLiteratura infantil | |
| 942 | _cBK | ||
| 999 |
_c71327 _d71327 |
||